000
00318nam a22001337a 4500
008
170721b xxu||||| |||| 00| 0 eng d
020
_a
9780132357890
041
_a
eng
080
_a
004
100
_a
29
101
_a
SHKI
245
_a
DECISION SUPPORT AND EXECUTIVE INFORMATION SYSTEMS
_c
GRAY, P
942
_2
udc
_c
BK
999
_c
21760
_d
21760